Statistics for Guess Kpop girlgroup songs through emojis(pt6)

Click here to take the quiz!

General Stats

  • This quiz has been taken 48 times
  • The average score is 11 of 28

Answer Stats

Answer% Correct
Bubble pop - Hyuna
95%
Run Devil Run - SNSD
76%
Alien - Lee Suhyun
73%
Tank - NMIXX
70%
Eve, psyche & the Bluebeard's wife - LE SSERAFIM
68%
Vanilla - LIGHTSUM
68%
Zoom - Jessi
59%
Lovesick girls - BLACKPINK
54%
Magic - SECRET
54%
What is love? - Twice
51%
Puzzle Moon - GWSN
49%
Fire saturday - SECRET NUMBER
46%
Batter up - BABYMONSTER
41%
Dessert - Hyo(ft. Soyeon, Loopy)
38%
Dun dun dance - Oh My Girl
38%
Step - KARA
32%
Love whisper - GFriend
30%
Mafia in the morning - ITZY
27%
Smartphone - YENA
24%
Copycat - Apink CHOBOM
22%
Clap your hands - 2NE1
16%
Midnight circus - Sunny Hill
14%
Kill Bill - Brown Eyed Girls
11%
Catch the star - woo!ah!
8%
Pretty Savage - BLACKPINK
5%
Tomboy - (G)I-DLE
5%
Fresh adventure - Laboum
3%
We were in love - T-ARA & Davichi
3%

Score Distribution

Percentile by Number Answered

Percent of People with Each Score

Your Score History

You have not taken this quiz